Để sử dụng thành thạo Phrasal verbs trong tiếng Anh giao tiếp hiện đại

محفوظ في:
التفاصيل البيبلوغرافية
المؤلف الرئيسي: Lê Công Thương
التنسيق: كتاب
اللغة:Undetermined
منشور في: Đồng Nai Nxb. Đồng Nai 1997
الموضوعات:
الوسوم: إضافة وسم
لا توجد وسوم, كن أول من يضع وسما على هذه التسجيلة!
Thư viện lưu trữ: Trung tâm Học liệu Trường Đại học Cần Thơ
LEADER 00550nam a2200169Ia 4500
001 CTU_22888
008 210402s9999 xx 000 0 und d
082 |a 425 
082 |b Th561 
100 |a Lê Công Thương 
245 0 |a Để sử dụng thành thạo Phrasal verbs trong tiếng Anh giao tiếp hiện đại 
245 0 |c Lê Công Thương 
260 |a Đồng Nai 
260 |b Nxb. Đồng Nai 
260 |c 1997 
650 |a english language - grammar 
980 |a Trung tâm Học liệu Trường Đại học Cần Thơ